书目信息 |
| 题名: |
明末史料五种
|
|
| 作者: | 吴骞 撰 | |
| 分册: | 四 | |
| 出版信息: | 北京 中国书店 |
|
| 页数: | 全一册 | |
| 开本: | 18.5*12.5cm | |
| 丛书名: | ||
| 单 册: | ||
| 中图分类: | K248.06 | |
| 科图分类: | ||
| 主题词: | 中国--历史 | |
| 电子资源: | ||
| ISBN: | ||
| 000 | 00613nam0 2200217 450 | |
| 001 | 0655410765 | |
| 005 | 20061025152732.87 | |
| 010 | @b线装@dCNY6.40 | |
| 100 | @a20061025d km y0chiy0120 ea | |
| 101 | 0 | @achi |
| 200 | 1 | @a明末史料五种@h四@Aming mo shi liao wu zhong@f(清)吴骞撰@F(qing)wu qian zhuan |
| 205 | @a影印本 | |
| 210 | @a北京@c中国书店 | |
| 215 | @a全一册@d18.5*12.5cm | |
| 300 | @a第一至第四册为一函,共一函七卷 | |
| 305 | @a本书为北京市中国书店刷印本 | |
| 606 | 0 | @a中国@x历史 |
| 690 | @aK248.06@v3 | |
| 701 | 0 | @a吴骞@Awu qian@4撰 |
| 801 | 0 | @aCN@bPFT@c20061025 |
| 905 | @a10447@dK248.06@e10:4 | |
| 明末史料五种.四/(清)吴骞撰.-影印本.-北京:中国书店 |
| 全一册;18.5*12.5cm |
| 第一至第四册为一函,共一函七卷 |
| ISBN (线装):CNY6.40 |
| ● |
| 相关链接 |
|
|
|
|
正题名:明末史料五种
索取号:K248.06/10:4
 
预约/预借
| 序号 | 登录号 | 条形码 | 馆藏地/架位号 | 状态 | 备注 |
| 1 | 0222423 | 202427597 | 古籍典藏专区/ [索取号:K248.06/10:4] | 在馆 |